=LDR 00000nam 2200000 4500 =001 INLIS000000000001507 =005 20220106091018 =035 ##$$a 0010-0122000182 =245 1#$$a Studi Kelayakan Pengembangan Usaha Keripik Pisang pada IKM Anona Rasa di Kabupaten Banggai Kepulauan : $b Tugas Akhir /$c Hermin Mondonu =100 1#$$a MONDONU, Hermin =250 ##$$a 2015 =300 ##$$a xii, 74 halaman : $b Tabel, gambar ; $c 20,5x28,5 cm =856 ##$$a OPAC (Rak TA TPL 2015) =260 ##$$a Makassar :$b Akademi Teknik Industri Makassar - Tenaga Penyuluh Lapangan,$c 2015 =082 ##$$a (R)2015 TA-TPL 818 =084 ##$$a (R)2015 TA-TPL 818 MON s =650 #4$$a Tugas Akhir TPL 2015 =500 ##$$a Tugas Akhir TPL 2015 =990 ##$$a 48/TA TPL 2015